| 000 | 00593nam a2200205Ia 4500 | ||
|---|---|---|---|
| 005 | 20250508160503.0 | ||
| 008 | 008 250505s9999 xx 000 0 eng d | ||
| 037 | _aTextual | ||
| 040 |
_aFEDL _beng _cFEDL |
||
| 041 |
_aeng _2eng |
||
| 084 |
_a157, ULL _qFEDL |
||
| 100 | _aUllmann Leonard P. | ||
| 245 | 0 | _aPsychological approach to abnormal behavior | |
| 260 |
_aEnglewood Cliffs _b Prentice-Hall _c1969 |
||
| 300 | _axiii,687p. | ||
| 490 | _aPrentice-Hall Psychology Series | ||
| 650 | _aAbnormal Psychology | ||
| 942 |
_cTEXL _h157, ULL |
||
| 999 |
_c1364914 _d1364914 |
||